000 01624nam a2200505 i 4500
001 44338
003 KOSZ 005
005 20220510144915.0
008 031104s2003 pl a |000 0 pol
015 _aUWD 2003/18897
020 _a8372444161
035 _a991021850129705066
035 _a(PL-WaBN)b15902213-48omnis_nlop
035 _ab15902213
035 _a(OCoLC)69522926
035 _a(PL)b0000001590221
035 _a(EXLNZ-48OMNIS_NETWORK)9910527899805606
040 _aWA N
_cWA N
_dKOSZ 005/HR
041 0 _apol
046 _k2003
080 _a613-048.65
080 _a613/614
080 _a616-084
080 _a(075.8)
100 1 _aGromadzka-Ostrowska, Joanna
_eAutor
245 1 0 _aEdukacja prozdrowotna /
_cJoanna Gromadzka-Ostrowska, Dariusz Włodarek, Zuzanna Toeplitz.
260 _aWarszawa :
_bWydaw. Szkoły Głównej Gospodarstwa Wiejskiego,
_c2003.
300 _a372 s. :
_bil., mapy ;
_c24 cm.
336 _aTekst
_btxt
_2rdacontent
337 _aBez urządzenia pośredniczącego
_bn
_2rdamedia
338 _aWolumin
_bnc
_2rdacarrier
380 _aKsiążki
388 _a2001-
504 _aBibliogr.
650 7 _aEdukacja prozdrowotna
650 7 _aPromocja zdrowia
655 7 _aPodręczniki akademickie
_2DBN
658 _aEdukacja i pedagogika
658 _aMedycyna i zdrowie
700 1 _aToeplitz, Zuzanna
_eAutor
700 1 _aWłodarek, Dariusz
_eAutor
856 _uhttp://koha.tu.koszalin.pl/cgi-bin/koha/opac-detail.pl?biblionumber=44338
_yKatalog online BPK
942 _2UKD
_cKS
999 _c44338
_d44338